00442nam a22001337a 4500003000400000008004100004082001400045100002600059245013800085260003200223300000900255502001500264650002900279OSt260429b |||||||| |||| 00| 0 eng d a635bG39E aGirapu, Rajnish Kumar aEffect of Different Levels of Nitrogen and Spacing on Growth, Yield and Quality of Cape-Gooseberry (Physalis Peruviana L.) Gaya Local aPusa, SamastipurbRAUc2004 a63P. bMsc.d2004 aFruit & Fruit Technology